HOSPITAL WASTE MANAGEMENT (Record no. 869239)

MARC details
000 -LEADER
fixed length control field 00318nam a2200133Ia 4500
008 - FIXED-LENGTH DATA ELEMENTS--GENERAL INFORMATION
fixed length control field 230901s2009 xx 000 0 und d
041 ## - LANGUAGE CODE
Language code of text/sound track or separate title ben
082 ## - DEWEY DECIMAL CLASSIFICATION NUMBER
Classification number 362
100 ## - MAIN ENTRY--PERSONAL NAME
Personal name BASARKAR, S
245 ## - TITLE STATEMENT
Title HOSPITAL WASTE MANAGEMENT
260 ## - PUBLICATION, DISTRIBUTION, ETC.
Name of publisher, distributor, etc. JAYPEE BROTHERS
Date of publication, distribution, etc. 2009
300 ## - PHYSICAL DESCRIPTION
Extent 144
650 ## - SUBJECT ADDED ENTRY--TOPICAL TERM
Topical term or geographic name entry element NURSING ADMINISTRATION

No items available.